[Event "Prague op"]
[Site "Prague"]
[Date "2024.03.03"]
[Round "5"]
[White "Al Ibrahim, Abdulrahman"]
[Black "Botez, Alexandra"]
[Result "0-1"]
[WhiteElo "1854"]
[BlackElo "1977"]
[PlyCount "168"]
[EventDate "2024.02.28"]
[EventType "swiss"]
[EventRounds "9"]
[EventCountry "CZE"]
[SourceTitle "CB11_2024"]
[SourceDate "2024.03.13"]
[SourceVersion "1"]
[SourceVersionDate "2024.03.13"]
[SourceQuality "1"]

1. e4 e6 2. d4 d5 3. Nd2 c5 4. Ngf3 Nc6 5. exd5 Qxd5 6. Bc4 Qd7 7. dxc5 Bxc5 8. 0-0 Nf6 9. Qe2 a6 10. Rd1 Qc7 11. c3 b5 12. Bd3 Bb7 13. h3 b4 14. Nb3 Ba7 15. Bd2 a5 16. cxb4 axb4 17. Rac1 Qd6 18. Bb5 0-0 19. Be3 Nd5 20. Bc5 Bxc5 21. Nxc5 Na5 22. a3 bxa3 23. b4 Rfc8 24. Qd3 Qe7 25. Qxa3 Nc6 26. Qb2 Ncxb4 27. Nxb7 Qxb7 28. Bc4 Qe7 29. Qe2 Qf6 30. Qe5 Nf4 31. Qxf6 gxf6 32. Bf1 Rxc1 33. Rxc1 Ra2 34. Bc4 Rb2 35. Ne1 Na2 36. Rd1 Nc3 37. Ra1 Ne4 38. f3 Nd6 39. Bf1 Nf5 40. Nd3 Nxd3 41. Bxd3 Ne3 42. Bf1 f5 43. g3 Kg7 44. Ra3 f4 45. gxf4 Nxf1 46. Kxf1 Rh2 47. f5 e5 48. Ra5 Kf6 49. Ra6+ Kxf5 50. Rh6 f6 51. Kg1 Rb2 52. Rh4 h5 53. Re4 Rd2 54. Ra4 Kg5 55. Re4 h4 56. Rg4+ Kh5 57. Rg8 Kh6 58. Rg4 Rd4 59. Rg8 Rd7 60. Kf2 Rg7 61. Rh8+ Kg5 62. Ke3 Rb7 63. Rg8+ Kh6 64. Rh8+ Kg5 65. Rg8+ Kf5 66. Rg4 Rh7 67. Ra4 Rh6 68. Rg4 Ke6 69. Ra4 Kd5 70. Ra5+ Kc4 71. Ra4+ Kc3 72. Re4 Kc2 73. f4 Rh5 74. Kf3 Rf5 75. Kg4 Rxf4+ 76. Rxf4 exf4 77. Kxf4 Kd3 78. Kg4 Ke3 79. Kxh4 f5 80. Kg5 f4 81. h4 f3 82. h5 f2 83. h6 f1Q 84. h7 Qf8 0-1

[Event "KUW-ch"]
[Site "Kuwait City"]
[Date "2024.01.28"]
[Round "6"]
[White "Al Ibrahim, Abdulrahman"]
[Black "Alruwayeh, Talal"]
[Result "1-0"]
[WhiteElo "1854"]
[BlackElo "1407"]
[PlyCount "99"]
[EventDate "2024.01.22"]
[EventType "swiss"]
[EventRounds "9"]
[EventCountry "KUW"]
[SourceTitle "CB07_2024"]
[SourceDate "2024.02.14"]
[SourceVersion "1"]
[SourceVersionDate "2024.02.14"]
[SourceQuality "1"]

1. e4 c6 2. d4 d6 3. h3 Nd7 4. Nf3 e6 5. Bd3 Be7 6. 0-0 a6 7. a4 e5 8. c3 c5 9. Nbd2 cxd4 10. cxd4 exd4 11. Nxd4 Ne5 12. Bb1 Bd7 13. Qb3 Qc8 14. Nf5 Bxf5 15. exf5 Nf6 16. Nf3 0-0 17. Bf4 Qc4 18. Qxc4 Nxc4 19. b3 Na5 20. Nd4 Nd5 21. Bd2 Bf6 22. Bxa5 Bxd4 23. Ra2 Bc3 24. Bxc3 Nxc3 25. Rd2 Nxb1 26. Rxb1 Rfd8 27. Rbd1 Kf8 28. Rxd6 Rxd6 29. Rxd6 Ke7 30. Rb6 Rb8 31. g4 a5 32. f4 Kd7 33. f6 g6 34. Kf2 Kc7 35. Rb5 b6 36. Re5 Kd6 37. Re7 Rf8 38. Ke3 Kc5 39. Re5+ Kc6 40. Kd4 Rd8+ 41. Kc4 Rf8 42. Re7 h6 43. h4 g5 44. fxg5 hxg5 45. h5 Kd6 46. Kb5 Rb8 47. Rxf7 Ke6 48. Rg7 Kxf6 49. Rg6+ Ke5 50. Rxg5+ 1-0

[Event "World Amateur-ch U2300"]
[Site "Muscat"]
[Date "2023.11.06"]
[Round "5"]
[White "Romero Calduch, Sergio"]
[Black "Al Ibrahim, Abdulrahman"]
[Result "1-0"]
[WhiteElo "2216"]
[BlackElo "1888"]
[PlyCount "89"]
[EventDate "2023.11.02"]
[EventType "swiss"]
[EventRounds "9"]
[EventCountry "OMN"]
[SourceTitle "CB46_2023"]
[SourceDate "2023.11.15"]
[SourceVersion "1"]
[SourceVersionDate "2023.11.15"]
[SourceQuality "1"]

1. d4 d5 2. c4 e6 3. Nc3 c5 4. dxc5 d4 5. Ne4 Bxc5 6. Nxc5 Qa5+ 7. Bd2 Qxc5 8. e3 Nc6 9. a3 a5 10. Nf3 e5 11. exd4 exd4 12. Bd3 Nge7 13. Qc2 Bf5 14. 0-0 0-0 15. Bxf5 Qxf5 16. Qb3 a4 17. Qb5 Rfd8 18. Rfe1 Qd7 19. Rad1 f6 20. h3 Nf5 21. Bb4 Nd6 22. Bxd6 Qxd6 23. Rd2 Ra5 24. Qxb7 Rb8 25. c5 Qxc5 26. Qd7 Raa8 27. Re6 Ne5 28. Qxd4 Nxf3+ 29. gxf3 Qxd4 30. Rxd4 Kf7 31. Re2 Rb3 32. Rd7+ Kg6 33. Kg2 Ra5 34. h4 Rh5 35. Kg3 Rf5 36. Re3 Rxb2 37. Ree7 Rfb5 38. Rxg7+ Kf5 39. Rxh7 R5b3 40. Rh5+ Kg6 41. Ra5 Rxa3 42. h5+ Kh6 43. Rd6 Kg7 44. Ra7+ Kh6 45. Kg4 1-0

[Event "Riadh Rapid op"]
[Site "Riadh"]
[Date "2023.03.17"]
[Round "1"]
[White "Al Ibrahim, Abdulrahman"]
[Black "Bellahcene, Bilel"]
[Result "0-1"]
[WhiteElo "1893"]
[BlackElo "2481"]
[PlyCount "74"]
[EventDate "2023.03.17"]
[EventType "swiss (rapid)"]
[EventRounds "9"]
[EventCountry "SAU"]
[SourceTitle "CBM 213 Extra"]
[Source "ChessBase"]
[SourceDate "2023.05.31"]
[SourceVersion "1"]
[SourceVersionDate "2023.05.31"]
[SourceQuality "1"]

1. e4 c5 2. c3 Nf6 3. e5 Nd5 4. Bc4 Nb6 5. Bb3 Nc6 6. Nf3 c4 7. Bc2 d5 8. exd6 Qxd6 9. 0-0 Bg4 10. Re1 e6 11. b3 Qc7 12. Na3 cxb3 13. axb3 a6 14. h3 Bh5 15. d4 Be7 16. Nc4 Nd5 17. Qd3 Rd8 18. Nfe5 Nxe5 19. Nxe5 Qxc3 20. Qxc3 Nxc3 21. Bb2 Ne2+ 22. Kf1 Nxd4 23. Be4 Nxb3 24. Bxb7 Nxa1 25. Bc6+ Kf8 26. Rxa1 Rd1+ 27. Rxd1 Bxd1 28. Nd7+ Kg8 29. Bb7 a5 30. Ke1 Bb3 31. Ne5 f6 32. Nc6 Kf7 33. Bc3 a4 34. Na5 Bd5 35. Ba6 a3 36. f3 a2 37. Ba1 Bb4+ 0-1

[Event "KUW-ch"]
[Site "Kuwait City"]
[Date "2023.02.05"]
[Round "4"]
[White "Al Hajiri, Bader"]
[Black "Al Ibrahim, Abdulrahman"]
[Result "1-0"]
[WhiteElo "1908"]
[BlackElo "1893"]
[PlyCount "149"]
[EventDate "2023.02.01"]
[EventType "swiss"]
[EventRounds "9"]
[EventCountry "KUW"]
[SourceTitle "CBM 213 Extra"]
[Source "ChessBase"]
[SourceDate "2023.05.31"]
[SourceVersion "1"]
[SourceVersionDate "2023.05.31"]
[SourceQuality "1"]

1. e4 e6 2. d4 d5 3. Nd2 a6 4. Ngf3 Nf6 5. Bd3 c5 6. exd5 exd5 7. 0-0 c4 8. Be2 Bd6 9. Ne5 0-0 10. f4 Qb6 11. c3 Nc6 12. Kh1 Ne7 13. Bf3 Nd7 14. Qe2 Qc7 15. g3 b5 16. Bg2 Bb7 17. Ndf3 Nf6 18. Ng5 h6 19. Nh3 Ne4 20. Be3 f6 21. Qh5 Qc8 22. Ng6 Nf5 23. Bf2 Re8 24. g4 Ne7 25. Bh4 Nxg6 26. Qxg6 Qe6 27. Rae1 Qf7 28. Qxf7+ Kxf7 29. f5 a5 30. Nf4 b4 31. Ne6 g5 32. Bxe4 dxe4 33. Bg3 Bxg3 34. hxg3 Rh8 35. Kg1 Bc6 36. Nc5 Rae8 37. Re3 Bd5 38. Rfe1 h5 39. gxh5 Rxh5 40. Nxe4 Rd8 41. Nf2 Rd7 42. Re8 Rb7 43. Rd8 Bf3 44. d5 g4 45. cxb4 axb4 46. d6 Rxf5 47. Rc8 Kg6 48. Rxc4 Rd5 49. Re7 Rxd6 50. Rxb7 Bxb7 51. Rxg4+ Kf7 52. Rxb4 Bf3 53. a4 Ra6 54. Nd3 Ke7 55. Kf2 Bh1 56. b3 Kd6 57. Ke3 Kc7 58. Rh4 Bd5 59. Nc5 Rd6 60. b4 Bg2 61. Rd4 Rc6 62. Rd7+ Kc8 63. Rd2 Bh1 64. Rh2 Bd5 65. Rh8+ Kc7 66. Rh7+ Kc8 67. Kd4 Bf3 68. b5 Rd6+ 69. Kc3 Be2 70. Re7 Bf1 71. Re1 Bh3 72. a5 Rd8 73. b6 Kb8 74. Re7 Bc8 75. a6 1-0

[Event "KUW-ch"]
[Site "Kuwait City"]
[Date "2023.02.02"]
[Round "2"]
[White "Alruwayeh, Talal"]
[Black "Al Ibrahim, Abdulrahman"]
[Result "0-1"]
[WhiteElo "1445"]
[BlackElo "1893"]
[PlyCount "76"]
[EventDate "2023.02.01"]
[EventType "swiss"]
[EventRounds "9"]
[EventCountry "KUW"]
[SourceTitle "CBM 213 Extra"]
[Source "ChessBase"]
[SourceDate "2023.05.31"]
[SourceVersion "1"]
[SourceVersionDate "2023.05.31"]
[SourceQuality "1"]

1. b3 d5 2. Bb2 Bf5 3. e3 e6 4. h3 Nd7 5. Nf3 h6 6. Nc3 Ngf6 7. Be2 c6 8. a3 Bd6 9. d3 Bh7 10. 0-0 0-0 11. e4 Qe7 12. exd5 cxd5 13. Nb5 Bb8 14. Re1 a6 15. Nc3 Bd6 16. Bf1 Rfc8 17. Nb1 b5 18. Nbd2 Rc7 19. c4 b4 20. a4 Qd8 21. Rc1 Nc5 22. Ne5 Rcc8 23. d4 Bxe5 24. dxe5 Nfe4 25. Nxe4 dxe4 26. Bd4 Nd3 27. Bxd3 exd3 28. Be3 Qc7 29. Qd2 a5 30. Bf4 Rd8 31. Re3 Rd7 32. Rg3 Bg6 33. Re1 Rad8 34. h4 h5 35. Bg5 Rc8 36. Rge3 Qc5 37. Rg3 Qd4 38. Rc1 Qxe5 0-1

[Event "Olympiad-44"]
[Site "Chennai"]
[Date "2022.08.03"]
[Round "6.4"]
[White "Bansal, Nayan"]
[Black "Al Ibrahim, Abdulrahman"]
[Result "0-1"]
[WhiteElo "1444"]
[BlackElo "1822"]
[PlyCount "50"]
[EventDate "2022.07.29"]
[EventType "team-swiss"]
[EventRounds "11"]
[EventCountry "IND"]
[SourceTitle "CBM 210"]
[Source "ChessBase"]
[SourceDate "2022.10.31"]
[SourceVersion "1"]
[SourceVersionDate "2022.10.31"]
[SourceQuality "1"]
[WhiteTeam "US Virgin Islands"]
[BlackTeam "Kuwait"]
[WhiteTeamCountry "ISV"]
[BlackTeamCountry "KUW"]

1. e4 e6 2. d4 d5 3. exd5 exd5 4. Nf3 Nf6 5. c4 Bb4+ 6. Bd2 Bxd2+ 7. Nbxd2 0-0 8. Be2 dxc4 9. Nxc4 Nc6 10. 0-0 Be6 11. Nce5 Qd6 12. Nxc6 Qxc6 13. Ne5 Qb6 14. b3 Rad8 15. Bc4 Rxd4 16. Qc2 Rfd8 17. Bxe6 Qxe6 18. Rfe1 Qd6 19. Nc4 Qc6 20. a4 h6 21. h3 Nd5 22. Red1 Nf4 23. f3 Qc5 24. Rxd4 Qxd4+ 25. Kh1 Qxa1+ 0-1

[Event "KUW-ch"]
[Site "Qadsiya"]
[Date "2022.03.14"]
[Round "7"]
[White "Alhejab, Meshal"]
[Black "Al Ibrahim, Abdulrahman"]
[Result "1-0"]
[WhiteElo "1661"]
[BlackElo "1807"]
[PlyCount "69"]
[EventDate "2022.03.06"]
[EventType "tourn"]
[EventRounds "9"]
[EventCountry "KUW"]
[SourceTitle "CBM 207 Extra"]
[Source "ChessBase"]
[SourceDate "2022.05.31"]
[SourceVersion "1"]
[SourceVersionDate "2022.05.31"]
[SourceQuality "1"]

1. e4 c5 2. Nf3 g6 3. c3 Bg7 4. d4 cxd4 5. cxd4 Nf6 6. Nc3 d5 7. e5 Ne4 8. Bd3 Bf5 9. Qb3 Nxc3 10. Bxf5 gxf5 11. Qxb7 Nd7 12. bxc3 e6 13. Bg5 Qc8 14. Qxc8+ Rxc8 15. Kd2 Nb6 16. a4 Nc4+ 17. Kd3 Kd7 18. Rhb1 Rc7 19. Nd2 Nxd2 20. Bxd2 Rhc8 21. a5 Bf8 22. Rb5 Be7 23. Rab1 Bd8 24. Rb7 Kc6 25. Rxc7+ Rxc7 26. c4 dxc4+ 27. Kxc4 Kd7+ 28. Kd3 Kc8 29. Rb5 a6 30. Rb6 Ra7 31. Rc6+ Kd7 32. Rd6+ Kc7 33. d5 exd5 34. Be3 Ra8 35. Bb6+ 1-0

[Event "KUW-ch"]
[Site "Kuwait"]
[Date "2022.01.05"]
[Round "3"]
[White "Al Ibrahim, Abdulrahman"]
[Black "Alqattan, Hasan"]
[Result "1-0"]
[WhiteElo "1790"]
[BlackElo "1136"]
[PlyCount "70"]
[EventDate "2022.01.03"]
[EventType "swiss"]
[EventRounds "9"]
[EventCountry "KUW"]
[SourceTitle "CBM 206 Extra"]
[Source "ChessBase"]
[SourceDate "2022.03.31"]
[SourceVersion "1"]
[SourceVersionDate "2022.03.31"]
[SourceQuality "1"]

1. e4 Nf6 2. e5 Nd5 3. d4 d6 4. Nf3 Bf5 5. Bd3 Bxd3 6. Qxd3 e6 7. 0-0 Be7 8. Nbd2 0-0 9. c3 Nd7 10. Ne4 dxe5 11. dxe5 Nc5 12. Nxc5 Bxc5 13. Ng5 g6 14. Qh3 h5 15. Ne4 Be7 16. Bh6 Re8 17. Rad1 b5 18. b3 Kh7 19. Bc1 Qc8 20. c4 bxc4 21. bxc4 Nb4 22. Qe3 Rh8 23. Nf6+ Kg7 24. Rd7 Bxf6 25. exf6+ Kg8 26. Rfd1 Nxa2 27. Ba3 a5 28. Be7 Kh7 29. g4 hxg4 30. Qg3 a4 31. Qa3 g3 32. fxg3 Nc3 33. Qxc3 a3 34. Bxa3 Qa6 35. Rxf7+ Kg8 1-0

[Event "KUW-ch"]
[Site "Kuwait"]
[Date "2022.01.04"]
[Round "2"]
[White "Alkandari, Adel"]
[Black "Al Ibrahim, Abdulrahman"]
[Result "0-1"]
[WhiteElo "1141"]
[BlackElo "1790"]
[PlyCount "38"]
[EventDate "2022.01.03"]
[EventType "swiss"]
[EventRounds "9"]
[EventCountry "KUW"]
[SourceTitle "CBM 206 Extra"]
[Source "ChessBase"]
[SourceDate "2022.03.31"]
[SourceVersion "1"]
[SourceVersionDate "2022.03.31"]
[SourceQuality "1"]

1. d4 Nf6 2. c4 c5 3. e3 g6 4. Nc3 Bg7 5. Nf3 0-0 6. Be2 d6 7. dxc5 dxc5 8. Qxd8 Rxd8 9. 0-0 Nc6 10. a3 Bf5 11. h3 Bc2 12. Ne1 Bb3 13. Nf3 Rd7 14. Bd1 Bxc4 15. Re1 Rad8 16. Ba4 Nd5 17. Nxd5 Bxd5 18. Bxc6 Bxc6 19. Rb1 Be4 0-1

[Event "Asian Hybrid"]
[Site "Tornelo INT"]
[Date "2021.05.22"]
[Round "2"]
[White "Dauletova, Gulmira"]
[Black "Al Ibrahim, Abdulrahman"]
[Result "1-0"]
[WhiteElo "2285"]
[BlackElo "1776"]
[PlyCount "79"]
[EventDate "2021.05.21"]
[EventType "swiss"]
[EventRounds "9"]
[EventCountry "NET"]
[SourceTitle "CBM 202 Extra"]
[Source "ChessBase"]
[SourceDate "2021.07.31"]
[SourceVersion "1"]
[SourceVersionDate "2021.07.31"]
[SourceQuality "1"]

1. e4 e5 2. Nf3 Nc6 3. Bb5 a6 4. Ba4 Nge7 5. c3 g6 6. d4 Bg7 7. Nxe5 Nxe5 8. dxe5 b5 9. Bb3 Bb7 10. 0-0 Bxe4 11. Re1 Bf5 12. Bg5 Be6 13. Nd2 0-0 14. Ne4 Kh8 15. Qd2 Bxe5 16. Nf6 Bd6 17. Re4 Nf5 18. g4 Be7 19. gxf5 Bxf6 20. Bxf6+ Qxf6 21. fxe6 dxe6 22. Qd4 Kg7 23. Rd1 Rfd8 24. Qxf6+ Kxf6 25. Red4 Ke7 26. Rxd8 Rxd8 27. Rxd8 Kxd8 28. Kg2 c5 29. Kf3 Ke7 30. Kf4 f6 31. Bd1 Kd6 32. Bf3 a5 33. Be2 c4 34. a4 bxa4 35. Bxc4 e5+ 36. Ke3 Kc5 37. Bg8 Kb5 38. Bxh7 a3 39. bxa3 Ka4 40. c4 1-0

[Event "KUW Challenge Cup 2nd"]
[Site "Kuwait"]
[Date "2017.09.19"]
[Round "3.1"]
[White "Al Ibrahim, Abdulrahman"]
[Black "Ramadan, M Ahmed"]
[Result "1-0"]
[WhiteElo "1819"]
[BlackElo "2146"]
[PlyCount "92"]
[EventDate "2017.09.17"]
[EventType "team-swiss"]
[EventRounds "9"]
[EventCountry "KUW"]
[SourceTitle "EXT 2019"]
[Source "ChessBase"]
[SourceDate "2018.10.10"]
[SourceVersion "1"]
[SourceVersionDate "2018.10.10"]
[SourceQuality "1"]

1. e4 c5 2. Nf3 d6 3. d4 cxd4 4. Nxd4 Nf6 5. Nc3 a6 6. Be2 e5 7. Nb3 Be7 8. 0-0 0-0 9. a4 Be6 10. Be3 Nbd7 11. a5 Qc7 12. Re1 Rac8 13. Qd2 Rfe8 14. Bf3 h6 15. h3 Bf8 16. Nc1 Kh7 17. Nd3 g6 18. g4 Ng8 19. Nb4 Qc4 20. Nd3 Ne7 21. Ra4 Qc7 22. Nb4 Nc5 23. Raa1 f5 24. gxf5 gxf5 25. exf5 Nxf5 26. Kh2 Qf7 27. Nbd5 Nh4 28. Be2 Qf5 29. Bg4 Qg6 30. Bxc5 Bxg4 31. Qd3 Nf3+ 32. Kh1 e4 33. Nxe4 Nxe1 34. Nef6+ Kg7 35. Nxe8+ Rxe8 36. Bd4+ Kf7 37. Qxg6+ Kxg6 38. hxg4 Nxc2 39. Rd1 Re4 40. Be3 Rxg4 41. Bb6 Re4 42. Rd2 Ne1 43. Rd1 Bg7 44. Ne3 Nf3 45. Rxd6+ Kh5 46. Kg2 Nh4+ 1-0

[Event "KUW-ch"]
[Site "Kuwait"]
[Date "2017.03.12"]
[Round "9"]
[White "Al Khateeb, Taher"]
[Black "Al Ibrahim, Abdulrahman"]
[Result "0-1"]
[WhiteElo "2005"]
[BlackElo "1793"]
[PlyCount "124"]
[EventDate "2017.03.02"]
[EventType "tourn"]
[EventRounds "9"]
[EventCountry "KUW"]
[SourceTitle "EXT 2018"]
[Source "ChessBase"]
[SourceDate "2017.10.13"]
[SourceVersion "1"]
[SourceVersionDate "2017.10.13"]
[SourceQuality "1"]

1. d4 Nf6 2. Bg5 d6 3. Bxf6 gxf6 4. c4 c5 5. d5 Bg7 6. Qc2 b5 7. cxb5 Qa5+ 8. Nc3 Bd7 9. e3 a6 10. b6 Qxb6 11. Bd3 h5 12. Nge2 a5 13. Nf4 Na6 14. Bg6 Nb4 15. Qb1 h4 16. a3 Rh6 17. Bh5 Na6 18. 0-0 Rb8 19. Be2 Nc7 20. Qd3 Kf8 21. Rab1 f5 22. e4 Be5 23. Qf3 fxe4 24. Nxe4 Ne8 25. Ng5 Nf6 26. Nd3 Bg4 27. Qe3 Nxd5 28. Qe4 Nf6 29. Qe3 Nd5 30. Qe4 Bxe2 31. Nxe5 dxe5 32. Qxe2 Qf6 33. Ne4 Nf4 34. Qe3 Qg6 35. Qf3 Kg7 36. Kh1 Kh8 37. Nxc5 Qd6 38. Ne4 Qc6 39. Rfc1 Rxb2 40. h3 Rxb1 41. Rxb1 Rg6 42. g4 Nxh3 43. Rb8+ Kg7 44. Qxh3 Qxe4+ 45. f3 Qe1+ 46. Kh2 Rd6 47. Rb2 Rd2+ 48. Rxd2 Qxd2+ 49. Kg1 Qe1+ 50. Kg2 Qg3+ 51. Qxg3 hxg3 52. Kxg3 Kf6 53. Kh4 Kg6 54. a4 f6 55. Kh3 Kg5 56. Kg3 e6 57. Kg2 e4 58. Kg3 exf3 59. Kxf3 e5 60. Kg3 e4 61. Kh3 Kf4 62. Kh4 e3 0-1

[Event "KUW-ch"]
[Site "Kuwait"]
[Date "2017.03.02"]
[Round "1"]
[White "Al Ibrahim, Abdulrahman"]
[Black "Hussain, Hashem"]
[Result "1-0"]
[WhiteElo "1793"]
[BlackElo "1725"]
[PlyCount "131"]
[EventDate "2017.03.02"]
[EventType "tourn"]
[EventRounds "9"]
[EventCountry "KUW"]
[SourceTitle "EXT 2018"]
[Source "ChessBase"]
[SourceDate "2017.10.13"]
[SourceVersion "1"]
[SourceVersionDate "2017.10.13"]
[SourceQuality "1"]

1. e4 c5 2. Nf3 g6 3. d4 cxd4 4. Nxd4 Bg7 5. Nc3 Nc6 6. Be3 Nf6 7. Bc4 Qa5 8. 0-0 0-0 9. h3 d6 10. Bb3 Bd7 11. Nde2 Qh5 12. Nf4 Qxd1 13. Raxd1 Na5 14. Nfd5 Nxd5 15. Nxd5 Nc6 16. c3 Rae8 17. f4 Kh8 18. f5 e6 19. f6 exd5 20. fxg7+ Kxg7 21. Bxd5 a6 22. Bf4 Ne5 23. Bxb7 Bb5 24. Bxe5+ dxe5 25. Rf2 Re7 26. Bd5 f5 27. c4 Be8 28. b4 f4 29. c5 g5 30. Bc4 Bg6 31. Bd5 h5 32. Rc1 g4 33. c6 Rc7 34. a4 Rb8 35. Rb2 a5 36. b5 Rb6 37. hxg4 hxg4 38. Rd2 Kf6 39. Bb3 Bxe4 40. Bc2 Bxc2 41. Rcxc2 Ke6 42. Kf2 e4 43. Re2 e3+ 44. Kg1 Kd6 45. g3 fxg3 46. Rxe3 Rg7 47. Rxg3 Kc7 48. Rc4 Rb8 49. Rcxg4 Rxg4 50. Rxg4 Kb6 51. Kf2 Rf8+ 52. Ke3 Rf1 53. Rc4 Rf7 54. c7 Rxc7 55. Rxc7 Kxc7 56. Kd4 Kb6 57. Kd5 Kb7 58. Kc5 Kc7 59. b6+ Kb7 60. Kb5 Kb8 61. Kxa5 Kb7 62. Kb5 Kb8 63. Kc6 Kc8 64. a5 Kb8 65. b7 Ka7 66. Kc7 1-0

[Event "Badalona op-B 42nd"]
[Site "Badalona"]
[Date "2016.08.05"]
[Round "4"]
[White "Al Ibrahim, Abdulrahman"]
[Black "Delgado Camara, Lluis Felix"]
[Result "0-1"]
[WhiteElo "1708"]
[BlackElo "1792"]
[PlyCount "72"]
[EventDate "2016.08.02"]
[EventType "swiss"]
[EventRounds "9"]
[EventCountry "ESP"]
[SourceTitle "CBM 174 Extra"]
[Source "ChessBase"]
[SourceDate "2016.10.10"]
[SourceVersion "1"]
[SourceVersionDate "2016.10.10"]
[SourceQuality "1"]

1. e4 e6 2. d4 d5 3. Nd2 Nf6 4. e5 Nfd7 5. Bd3 c5 6. c3 Nc6 7. Ne2 cxd4 8. cxd4 f6 9. exf6 Nxf6 10. Nf3 Bd6 11. 0-0 Qc7 12. Nc3 a6 13. Bg5 0-0 14. Rc1 Bd7 15. Re1 Ng4 16. h3 Bh2+ 17. Kf1 Nxf2 18. Kxf2 Qg3+ 19. Ke3 Rxf3+ 20. gxf3 Qxg5+ 21. Kf2 Qg3+ 22. Ke3 Qf4+ 23. Kf2 Nxd4 24. Be4 dxe4 25. Nxe4 Rf8 26. Rc3 e5 27. Kg2 Bc6 28. Qd3 Bxe4 29. Qxe4 Qg3+ 30. Kh1 Qxh3 31. Qg4 Qh6 32. Kg2 Qd2+ 33. Kh3 Qxe1 34. Rc7 Rxf3+ 35. Kxh2 Rf2+ 36. Kh3 Qh1+ 0-1

[Event "Badalona op-B 42nd"]
[Site "Badalona"]
[Date "2016.08.04"]
[Round "3"]
[White "Madrid Sole, Antonio"]
[Black "Al Ibrahim, Abdulrahman"]
[Result "0-1"]
[WhiteElo "1828"]
[BlackElo "1708"]
[PlyCount "104"]
[EventDate "2016.08.02"]
[EventType "swiss"]
[EventRounds "9"]
[EventCountry "ESP"]
[SourceTitle "CBM 174 Extra"]
[Source "ChessBase"]
[SourceDate "2016.10.10"]
[SourceVersion "1"]
[SourceVersionDate "2016.10.10"]
[SourceQuality "1"]

1. d4 Nf6 2. Nf3 d6 3. Nbd2 d5 4. e3 e6 5. Bd3 c5 6. c3 Nc6 7. 0-0 Bd6 8. dxc5 Bxc5 9. e4 0-0 10. exd5 Qxd5 11. Nb3 Bb6 12. Qe2 Re8 13. Bg5 e5 14. Bc4 Qe4 15. Bxf6 Qxe2 16. Bxe2 gxf6 17. Rad1 Be6 18. Nfd2 e4 19. Nc4 Bxc4 20. Bxc4 Ne5 21. Bb5 Red8 22. Nd4 Rd5 23. Be2 Rad8 24. h3 Bxd4 25. cxd4 Rxd4 26. Rxd4 Rxd4 27. Rd1 Rxd1+ 28. Bxd1 f5 29. Kf1 Nd3 30. b3 Nf4 31. b4 Kg7 32. h4 Nd3 33. a3 Kf6 34. Bb3 b6 35. Bc2 Ke5 36. Bb3 f6 37. Bg8 h6 38. Bh7 a5 39. bxa5 bxa5 40. Bg8 f4 41. Ke2 Kd4 42. Bh7 Nc5 43. Kd2 Nd3 44. Ke2 Ne5 45. Bf5 Nc4 46. f3 e3 47. a4 Nb6 48. Bc2 Kc3 49. Bd1 Kb4 50. g3 Nd5 51. Bc2 fxg3 52. Kf1 Nf4 0-1

[Event "KUW-ch sf"]
[Site "Kuwait"]
[Date "2015.11.07"]
[Round "5"]
[White "Almutairi, Mohammad Fhaid"]
[Black "Al Ibrahim, Abdulrahman"]
[Result "0-1"]
[WhiteElo "1258"]
[BlackElo "1788"]
[PlyCount "62"]
[EventDate "2015.11.02"]
[EventType "swiss"]
[EventRounds "9"]
[EventCountry "KUW"]
[SourceTitle "CBM 169 Extra"]
[Source "ChessBase"]
[SourceDate "2015.12.18"]
[SourceVersion "1"]
[SourceVersionDate "2015.12.18"]
[SourceQuality "1"]

1. e4 c5 2. Nf3 d6 3. Bc4 e6 4. Nc3 Nf6 5. Ng5 Be7 6. Qf3 a6 7. b3 Nc6 8. Ne2 h6 9. Nh3 d5 10. Bd3 Ne5 11. Qg3 Nfg4 12. Bb2 Bh4 13. Qf4 g5 14. Bxe5 gxf4 15. Bxh8 e5 16. g3 f3 17. Nc3 Bf6 18. Bxf6 Nxf6 19. Ng1 dxe4 20. Nxe4 Nxe4 21. Bxe4 Qd4 22. Rb1 Qxe4+ 23. Kd1 Bf5 24. d3 Rd8 25. Nxf3 Qxf3+ 26. Kd2 Qxf2+ 27. Kc3 e4 28. Rhf1 Qd4+ 29. Kd2 e3+ 30. Ke2 Bg4+ 31. Ke1 Qc3# 0-1

[Event "KUW-ch sf"]
[Site "Kuwait"]
[Date "2015.11.05"]
[Round "3"]
[White "Alamiri, Adel"]
[Black "Al Ibrahim, Abdulrahman"]
[Result "1-0"]
[WhiteElo "1877"]
[BlackElo "1788"]
[PlyCount "65"]
[EventDate "2015.11.02"]
[EventType "swiss"]
[EventRounds "9"]
[EventCountry "KUW"]
[SourceTitle "CBM 169 Extra"]
[Source "ChessBase"]
[SourceDate "2015.12.18"]
[SourceVersion "1"]
[SourceVersionDate "2015.12.18"]
[SourceQuality "1"]

1. e4 c5 2. Nf3 d6 3. Nc3 Nf6 4. d4 cxd4 5. Nxd4 a6 6. Bd3 e5 7. Nde2 Be6 8. 0-0 Be7 9. Ng3 Nbd7 10. Be2 b5 11. Be3 Qc7 12. Nf5 Bxf5 13. exf5 0-0 14. a3 Nb6 15. h3 Nc4 16. Bxc4 Qxc4 17. Bg5 Rac8 18. Bxf6 Bxf6 19. Rc1 e4 20. Nd5 Bg5 21. Nb6 Qc7 22. Nxc8 Bxc1 23. Nxd6 Bxb2 24. Nxe4 Qf4 25. Ng3 Bxa3 26. Qa1 Bc5 27. Qxg7+ Kxg7 28. Nh5+ Kh6 29. Nxf4 Bd6 30. Nd5 Kg5 31. g4 Rc8 32. Ne3 Be5 33. f4+ 1-0